00442 2200157 4500001002100000035002000021245008500041100004000126260002800166300002400194020002200218084001400240082000800254650001000262990001200272INLIS000000000002724 a0010-0925000071 aWonderful Facts of Indonesia: Kekayaan AlamcFider Tendiardi & Ratih Widdyastuti aFider Tendiardi & Ratih Widdyastuti aJakartabErlanggac2024 a-c(19,5 x 25,5 cm) a978-623-180-560-4 a813 FID w a813 aFiksi a0754926